00487pam a2200169 a 4500020002400000040002300024041001000047082001700057100002500074245005800099250001700157260004500174300001400219365001100233653001900244700005400263 c350.00 (Hard Cover) aDental College Lib aengh a617.692bELL aEllinger, Charles W. aSynopsis of Complete Denture / c.hTextual Documents a1st ed / b. aPhiladelphia : blea & Febiger , c1975. a362 ; c. a350.00 aProsthodontics aRayson, Jack H.aTerry, James M.aRahn, Arthur O.